| 000 | 00389nam a2200157Ia 4500 | ||
|---|---|---|---|
| 999 |
_c13977 _d13977 |
||
| 003 | OSt | ||
| 005 | 20260309165522.0 | ||
| 008 | 260210s9999 xx 000 0 und d | ||
| 020 | _a9781559637800 | ||
| 082 | _a628 | ||
| 100 | _aNancy Jack Todd | ||
| 245 | 2 | _aA Safe And Sustainable World: The Promise Of Ecological Design | |
| 260 | _bIsland Press | ||
| 300 | _a2006 | ||
| 942 |
_cRD _2ddc |
||